Elements of mechanics of materials (Record no. 6596)

000 -LEADER
fixed length control field 00580nam a22002051 4500
001 - CONTROL NUMBER
control field 6129579
003 - CONTROL NUMBER IDENTIFIER
control field BD-DhUET
008 - FIXED-LENGTH DATA ELEMENTS--GENERAL INFORMATION
fixed length control field 730221s1966 njua b 000 0 eng
040 ## - CATALOGING SOURCE
Original cataloging agency DLC
Transcribing agency ODaWU
Modifying agency OCoLC
-- Uk
-- BD-DhUET
050 00 - LIBRARY OF CONGRESS CALL NUMBER
Classification number TA405
Item number .O37 1966
082 ## - DEWEY DECIMAL CLASSIFICATION NUMBER
Classification number 620.11
Item number OLS/1966
100 1# - MAIN ENTRY--PERSONAL NAME
Personal name Olsen, Gerner A.
245 10 - TITLE STATEMENT
Title Elements of mechanics of materials
Statement of responsibility, etc. by Gerner A. Olsen
250 ## - EDITION STATEMENT
Edition statement 2d ed.
260 ## - PUBLICATION, DISTRIBUTION, ETC. (IMPRINT)
Place of publication, distribution, etc. New Jersey
Name of publisher, distributor, etc. Prentice-Hall
Date of publication, distribution, etc. 1966
300 ## - PHYSICAL DESCRIPTION
Extent xxii, 591 p.
Other physical details illus.
Dimensions 24 cm.
504 ## - BIBLIOGRAPHY, ETC. NOTE
Bibliography, etc includes bibliographics
650 #0 - SUBJECT ADDED ENTRY--TOPICAL TERM
Topical term or geographic name as entry element Strength of materials
942 ## - ADDED ENTRY ELEMENTS (KOHA)
Koha item type General Book
Holdings
Shelving location Koha date last seen Piece designation (barcode) Koha date last borrowed Not for loan Source of classification or shelving scheme Koha full call number Date acquired Location (home branch) Copy number Koha issues (times borrowed) Koha normalized classification for sorting Price effective from Sublocation or collection (holding branch) Damaged status Withdrawn status Lost status Koha item type
Circulation section2014-12-0429221   620.11 /OLS/19662014-12-04Central Library, BUET28 620_110000000000000_OLS_19662014-12-04Central Library, BUET   Contented Book
Circulation section2018-12-04292162018-11-20  620.11 /OLS/19662014-12-04Central Library, BUET231620_110000000000000_OLS_19662014-12-04Central Library, BUET   Contented Book
Circulation section2022-10-01292062022-08-29  620.11/OLS/19662014-12-04Central Library, BUET131620_110000000000000_OLS_19662014-12-04Central Library, BUET   Contented Book
Circulation section2014-12-0419846   620.11/OLS/19662014-12-04Central Library, BUET4 620_110000000000000_OLS_19662014-12-04Central Library, BUET   Contented Book
Circulation section2022-07-23524062022-06-20  620.11/OLS/19662014-12-04Central Library, BUET11620_110000000000000_OLS_19662014-12-04Central Library, BUET   Contented Book
Reading section2015-06-1613917   620.11/OLS/19662015-06-16Central Library, BUET6 620_110000000000000_OLS_19662015-06-16Central Library, BUET   Reading Item
Reading section2015-06-2929227   620.11/OLS/19662015-06-29Central Library, BUET8 620_110000000000000_OLS_19662015-06-29Central Library, BUET   Reading Item